[Event "AUTO-OPEN-1204"]
[Site "http://www.queenalice.com/game.php?id=516205"]
[Date "2009.1.2"]
[Round "2"]
[White "alexandre9"]
[Black "BRUTUS"]
[Result "0-1"]
[WhiteElo "1792"]
[BlackElo "2314"]

1. d4 Nf6 2. c4 c5 3. d5 b5 4. cxb5 a6 5. bxa6 g6 6. Nc3 Bxa6 7. g3 d6 8. Nf3
Bg7 9. Bg2 Nbd7 10. O-O Nb6 11. b3 Bb7 12. e4 Nxe4 13. Ng5 Nxc3 14. Qf3 Bxd5 15.
Qf4 Ne2+ 0-1

[Event "AUTO-OPEN-1204"]
[Site "http://www.queenalice.com/game.php?id=516210"]
[Date "2009.1.2"]
[Round "2"]
[White "alexandre9"]
[Black "allvaro"]
[Result "0-1"]
[WhiteElo "1808"]
[BlackElo "1546"]

1. d4 e6 2. c4 c5 3. d5 e5 4. Nc3 a6 5. d6 Qf6 6. Ne4 Qh4 7. Qc2 f5 8. Nf3 Qxe4
9. Qxe4 fxe4 10. Nxe5 Bxd6 11. Ng4 h5 12. Ne3 Nf6 13. Bd2 O-O 14. Nf5 Ne8 15.
Nh4 Kh7 16. f3 Nc6 17. fxe4 Nf6 18. Nf5 Be5 19. Rb1 Nxe4 20. Ne3 Nf2 21. Rg1
Bxh2 22. Nd5 Bxg1 23. e3 d6 24. Be2 Bg4 25. Bxg4 Nxg4 26. e4 Rae8 27. Nc3 Nd4
0-1

[Event "AUTO-OPEN-1204"]
[Site "http://www.queenalice.com/game.php?id=516211"]
[Date "2009.1.2"]
[Round "2"]
[White "allvaro"]
[Black "alexandre9"]
[Result "0-1"]
[WhiteElo "1594"]
[BlackElo "1790"]

1. e3 e5 2. a3 d5 3. d4 exd4 4. Qxd4 c5 5. Qd3 Nf6 6. f3 Nc6 7. c3 Be7 8. b3 O-O
9. g4 Re8 10. Nh3 Ne5 11. Qc2 Nxf3+ 12. Kf2 Bxg4 13. Nf4 Ne4+ 14. Qxe4 dxe4 15.
Nd2 Bh4+ 16. Kg2 Ne1+ 17. Kg1 Nc2 18. Ra2 Nxe3 19. Bb5 Re5 20. a4 Qg5 21. Nf1
Qxf4 22. Bxe3 Qf3 23. Be2 Qh3 24. Bxg4 Qxg4+ 25. Rg2 Qf3 26. h3 Rf5 27. Kh2 Rd8
28. Rhg1 g6 29. Bxc5 Rd3 30. Nd2 Qf4+ 31. Kh1 Rxh3+ 0-1

[Event "AUTO-OPEN-1206"]
[Site "http://www.queenalice.com/game.php?id=517075"]
[Date "2009.1.4"]
[Round "2"]
[White "bishop4739"]
[Black "alexandre9"]
[Result "1-0"]
[WhiteElo "1682"]
[BlackElo "1794"]

1. e4 c5 2. Nf3 d6 3. d4 cxd4 4. Nxd4 Nf6 5. Nc3 a6 6. Bd3 e5 7. Nb3 Be7 8. O-O
Be6 9. Be3 Nc6 10. Qf3 O-O 11. Nd5 Bg4 12. Qg3 Qd7 13. h3 Be6 14. Bh6 Nh5 15.
Qe3 gxh6 16. Qxh6 Ng7 17. f4 Qd8 18. f5 Bxd5 19. exd5 Nb4 20. f6 Qb6+ 21. Kh1
1-0

[Event "AUTO-OPEN-1206"]
[Site "http://www.queenalice.com/game.php?id=517076"]
[Date "2009.1.4"]
[Round "2"]
[White "alexandre9"]
[Black "bishop4739"]
[Result "0-1"]
[WhiteElo "1774"]
[BlackElo "1702"]

1. d4 g6 2. c4 Bg7 3. e4 d6 4. Nc3 Nf6 5. Nf3 O-O 6. Be2 e5 7. O-O exd4 8. Nxd4
c5 9. Ndb5 a6 10. Nxd6 Nc6 11. Bg5 Nd4 12. e5 Qe7 13. f4 h6 14. Nd5 Qd8 15. Bxf6
Bxf6 16. Nxf6+ Kg7 17. Bg4 Bxg4 18. Qxg4 Kh8 19. Rad1 b6 20. Rd3 Ra7 21. Qh4 h5
0-1

[Event "AUTO-OPEN-1206"]
[Site "http://www.queenalice.com/game.php?id=517081"]
[Date "2009.1.4"]
[Round "2"]
[White "alexandre9"]
[Black "GMNeny"]
[Result "0-1"]
[WhiteElo "1755"]
[BlackElo "1806"]

1. d4 Nf6 2. c4 e6 3. Nc3 Bb4 4. Qc2 d5 5. cxd5 Nxd5 6. e4 Nxc3 7. bxc3 Be7 8.
Nf3 c5 9. Rb1 O-O 10. Bd3 Nc6 11. dxc5 Bxc5 12. O-O Bb6 13. e5 Qc7 14. Re1 h6
15. Be3 Bxe3 16. Rxe3 b6 17. Be4 Bb7 18. Nd4 Nxd4 19. Qd3 Bxe4 20. Rxe4 Nf5 21.
h3 Rfd8 22. Qf3 Rd7 23. g4 Nh4 24. Qg3 Ng6 25. h4 Rad8 26. Rbe1 Rd3 27. R1e3
Qxc3 28. h5 Ne7 29. Kg2 Rxe3 30. Rxe3 Qc6+ 31. Rf3 Rd3 32. Qf4 Rxf3 33. Qxf3
Qxf3+ 34. Kxf3 Nd5 35. a3 b5 36. Ke4 Kf8 37. Kd4 a5 38. Kc5 b4 39. axb4 axb4 40.
Kc4 Ke7 41. Kb3 Kd7 42. Kc4 Kc6 43. Kb3 Kb5 0-1

[Event "AUTO-OPEN-1206"]
[Site "http://www.queenalice.com/game.php?id=517082"]
[Date "2009.1.4"]
[Round "2"]
[White "GMNeny"]
[Black "alexandre9"]
[Result "1-0"]
[WhiteElo "1820"]
[BlackElo "1741"]

1. e4 c5 2. Nf3 d6 3. d4 cxd4 4. Nxd4 Nf6 5. Nc3 a6 6. Bg5 e6 7. f4 Be7 8. Qf3
Qc7 9. O-O-O Nbd7 10. g4 b5 11. Bxf6 Nxf6 12. g5 Nd7 13. f5 Bxg5+ 14. Kb1 e5 15.
Nde2 Bb7 16. h4 Bh6 17. Nd5 Bxd5 18. Rxd5 Nf6 19. Rd3 b4 20. c3 a5 21. Bh3 O-O
22. Rg1 Rfb8 23. Ng3 Qc5 24. Rgd1 bxc3 25. Rxc3 Qb6 26. Rb3 Qc5 27. Rc3 Qb4 28.
Rb3 Qa4 29. Rxd6 Qc4 30. Rc3 Rxb2+ 31. Kxb2 Qb4+ 32. Rb3 Qxd6 33. Rd3 Qb8+ 34.
Rb3 Qc7 35. Qd1 a4 36. Rc3 a3+ 37. Kc2 Qb7 38. Rb3 Rc8+ 39. Kb1 Qa8 40. Ne2 Nxe4
41. Bg2 Qa4 42. Qc2 Rd8 43. Bxe4 1-0

[Event "Paulo_Lima26"]
[Site "http://www.queenalice.com/game.php?id=519521"]
[Date "2009.1.9"]
[Round "3"]
[White "JosimarCerqueira"]
[Black "alexandre9"]
[Result "0-1"]
[WhiteElo "1612"]
[BlackElo "1657"]

1. e4 c5 2. Nf3 d6 3. d3 Nc6 4. Be3 Nf6 5. e5 Nxe5 6. Nxe5 dxe5 7. Bxc5 Qa5+ 8.
b4 Qc7 9. Be2 b6 10. Be3 Bb7 11. O-O e6 12. c4 Bxb4 13. Nd2 Bc3 0-1

[Event "AUTO-OPEN-1175"]
[Site "http://www.queenalice.com/game.php?id=528988"]
[Date "2009.1.25"]
[Round "2"]
[White "alexandre9"]
[Black "showman"]
[Result "0-1"]
[WhiteElo "1695"]
[BlackElo "1628"]

1. e4 e5 2. Nf3 d6 3. Bc4 Bg4 4. Nc3 c6 5. O-O b5 6. Bb3 b4 7. Na4 c5 8. d3 h6
9. Bd2 Nf6 10. c3 Nc6 11. a3 bxa3 12. Rxa3 Na5 13. c4 Nxb3 14. Rxb3 Qd7 0-1

[Event "AUTO-OPEN-1175"]
[Site "http://www.queenalice.com/game.php?id=528989"]
[Date "2009.1.25"]
[Round "2"]
[White "showman"]
[Black "alexandre9"]
[Result "1-0"]
[WhiteElo "1647"]
[BlackElo "1676"]

1. e4 e5 2. Nf3 Nc6 3. Bb5 a6 4. Bxc6 dxc6 5. Nxe5 Nf6 6. d3 h6 7. Nc3 Be6 8.
O-O Bc5 9. d4 Bxd4 10. Nf3 Bxc3 11. bxc3 Nxe4 12. Ne5 Nxc3 13. Qxd8+ Rxd8 14.
Bb2 1-0